000 00464nam a2200193Ia 4500
005 20240823024219.0
008 240823s9999||||xx |||||||||||||| ||und||
020 _a978-81-7319-543-3
041 _aENGLISH
082 _A624.183414 P8
100 _aRajagopalan N [et al]
245 0 _aPrestressed Concrete
250 _a2nd
260 _c2008
_bNarosa Publishing House New
500 _aYES
650 _aConcrete
_bCivil
942 _cBK
999 _c183389
_d183389